| 000 | 01599cam a2200325 a 4500 | ||
|---|---|---|---|
| 001 | 6195 | ||
| 003 | FISKH | ||
| 005 | 20250327101631.0 | ||
| 008 | 000113s1998 sa 000 1 eng | ||
| 010 | _a 00311528 | ||
| 020 | _a0864864388 | ||
| 020 |
_a9780349116754 _c$5.00 |
||
| 040 |
_aDLC _cDLC _dDLC _beng |
||
| 050 | _aPR6063.C326 | ||
| 082 | _a823.914 | ||
| 100 | 1 |
_aMcCall Smith, Alexander, _d1948- |
|
| 245 | 1 | 4 |
_aThe no. 1 ladies' detective agency / _cAlexander McCall Smith. |
| 250 | _aThis edition published by Abacus in 2003 | ||
| 260 |
_aNew York : _cAbacus, _b1998. |
||
| 300 |
_a250 pages : _c20 cm |
||
| 520 | _aThis first novel in Alexander McCall Smith's widely acclaimed The No. 1 Ladies Detective Agency series tells the story of the delightfully cunning and enormously engaging Precious Ramotswe, who is drawn to her profession to help people with problems in their lives. Immediately upon setting up shop in a small storefront in Gaborone, she is hired to track down a missing husband, uncover a con man, and follow a wayward daughter. But the case that tugs at her heart, and lands her in danger, is a missing eleven-year-old boy, who may have been snatched by witch doctors. | ||
| 600 | 1 | 0 |
_aRamotswe, Precious _c(Fictitious character) _vFiction. |
| 650 | 0 |
_aNo. 1 Ladies' Detective Agency (Imaginary organization) _vFiction. |
|
| 650 | 0 |
_aWomen private investigators _zBotswana _vFiction. |
|
| 651 | 0 |
_aBotswana _vFiction. |
|
| 655 | 7 |
_aMystery fiction. _2gsafd |
|
| 906 |
_a7 _bcbc _corignew _d4 _encip _f20 _gy-gencatlg |
||
| 942 |
_2ddc _cBK _n0 |
||
| 999 |
_c6195 _d6195 |
||